000 00701nam a22002177a 4500
999 _c6385
_d6385
001 6385
003 BD-JhCC
005 20180122172109.0
008 180122s1982 bg |||| |||| 00| 0 ben d
035 _a(BD-JhCC)6385
040 _aBD-JhCC
_dBD-JhCC
041 _aben
082 _a297
_bMUH 1982
100 _aমুহাম্মদ, কাজী দীন
245 _aজীবন সৌন্দর্য /
_cকাজী দীন মুহাম্মদ
260 _aঢাকা :
_bইসলামিক ফউন্ডেশন বাংলাদেশ,
_c১৯৮২.
300 _a২২৪ পৃ. :
_c২১ সেমি.
650 _aIslam
942 _2ddc
_cBK